Datum a čas kvízu
15.5
Celkem bodů
Celkový počet nahraných bodů na tomto kvízu bez doplňovacích otázek.
4.
Pořadí na kvízu
Konečné umístění týmu na tomto kvízu.
Zaznamenané odpovědi
| # | Otázka | Odpověď | Body | Výsledky |
|---|---|---|---|---|
| 1. | Naše poslanecká sněmovna minul... | 0 | ||
| 2. | Jak se jmenuje nově zvolená př... | 0 | ||
| 3. | Ze které země pochází dívka, k... | 0 | ||
| 4. | Mladoboleslavská společnost Šk... | 0 | ||
| 5. | Je pochopitelně pozoruhodné, ž... | 0 | ||
| 6. | Ve kterém severoevropském přís... | 0 | ||
| 7. | Jaltská konference byla jedním... | 1 | ||
| 8. | Casablanca je největším městem... | 0 | ||
| 9. | Jak se jmenuje černohorské pří... | 0 | ||
| 10. | Jak se jmenuje přístavní město... | 0 |